000 00284nam a22001337a 4500
003 SGT
020 _a81-317-1372-5
082 _a647.95068
_bMIL
100 _aMILL, ROBERT
245 _aRESTAURANT MANAGEMENT
260 _aDELHI
_bPEARSON
_c2007
300 _a463
942 _2ddc
_cBK
999 _c22741
_d22741